| 000 | 00490nam a2200157 a 4500 | ||
|---|---|---|---|
| 001 | 000013140 | ||
| 005 | 20240306073902.0 | ||
| 008 | 091120s2004 dr a 000 0 spa d | ||
| 020 | _a9788482615653 | ||
| 040 |
_aDO-SdBNP _bspa _cBNPHU |
||
| 082 |
_axxxx _bC786 |
||
| 245 | 0 | 0 |
_aCoquín 3 años / _cdirección editorial Obdulia García de Escobar. |
| 260 |
_aSanto Domingo : _bSantillana, _c2004. |
||
| 300 |
_a192 p. : _bil. ; _c21 cm. |
||
| 700 | 1 |
_aGarcía Escobar, Obdulia de _edir. ed. _929220 |
|
| 999 |
_c12782 _d12782 |
||